Congreso Constituyente, 1916-1917 (Record no. 184301)

MARC details
000 -LEADER
campo de control de longitud fija 01252nam a2200265 i 4500
001 - NÚMERO DE CONTROL
campo de control 184301
003 - IDENTIFICADOR DE NÚMERO DE CONTROL
campo de control ES-MaACL
005 - FECHA Y HORA DE LA ÚLTIMA TRANSACCIÓN
campo de control 20250831022415.0
008 - DATOS DE LONGITUD FIJA--INFORMACIÓN GENERAL
campo de control de longitud fija 150615s2009 mx h |||| | spa d
080 ## - NÚMERO DE LA CLASIFICACIÓN DECIMAL UNIVERSAL
Número de la Clasificación Decimal Universal 328(72)"1916/17"
110 1# - ENTRADA PRINCIPAL--NOMBRE DE ENTIDAD CORPORATIVA
Nombre de entidad corporativa o nombre de jurisdicción como elemento de entrada México.
Unidad subordinada Congreso Constituyente.
9 (RLIN) 157028
245 10 - MENCIÓN DEL TÍTULO
Título Congreso Constituyente, 1916-1917
Resto del título : diario de los debates.
246 33 - FORMA VARIANTE DEL TITULO
Título propio/Titulo breve Diario de los debates del Congreso Constituyente
Resto del título : Querétaro, 1916-1917
250 ## - MENCION DE EDICION
Mención de edición Ed. facsimilar.
260 ## - PUBLICACIÓN, DISTRIBUCIÓN, ETC.
Lugar de publicación, distribución, etc. México :
Nombre del editor, distribuidor, etc. [S.n.],
Fecha de publicación, distribución, etc. 2009 (
Fabricante Talleres Gráf. de la Cámara de Diputados del H. Congreso de la Unión)
300 ## - DESCRIPCIÓN FÍSICA
Extensión 2 v. ;
Dimensiones 29 cm.
534 ## - NOTA SOBRE LA VERSIÓN ORIGINAL
Frase introductoria Facsímil de.
Mención de título del original Diario de los debates del Congreso Constituyente de Querétaro, 1916-1917,
Publicación, distribución, etc. del original México, D.F. : Imp. de la Cámara de Diputados, 1916-17.
651 #7 - PUNTO DE ACCESO ADICIONAL DE MATERIA--NOMBRE GEOGRÁFICO
Nombre geográfico Querétaro (México, Estado)
Fuente del encabezamiento o término
9 (RLIN) 157029
710 1# - ENTRADA AGREGADA--NOMBRE DE ENTIDAD CORPORATIVA
Nombre de entidad corporativa o nombre de jurisdicción como elemento de entrada México.
Título de la obra Constitución política, 1917.
9 (RLIN) 157030
852 ## - LOCALIZACIÓN
Ubicación ES-MaACL
Número de control de estantería A-13457
Designación de la unidad física v.1
itemnumber 191297
Sublocalización o colección R.150758
Ubicación en estantería Depósito 1
Signatura antigua Olim: N-6457
Donativo/Legado Donación: Luis Arrillaga
852 ## - LOCALIZACIÓN
Ubicación ES-MaACL
Número de control de estantería A-13458
Designación de la unidad física v.2
itemnumber 200857
Sublocalización o colección R.150758
Ubicación en estantería Depósito 1
Signatura antigua Olim: N-6458
Donativo/Legado Donación: Luis Arrillaga
903 ## - NOMBRE PERSONAL DE DONANTE
a Arrillaga Aldama, Luis,
d 1950-
e Donante
9 23318
942 ## - ELEMENTOS DE ENTRADA SECUNDARIOS (KOHA)
Fuente del sistema de clasificación o colocación Clasificación decimal universal
Tipo de ítem Koha Libro impreso
Holdings
Estatus retirado Estado de pérdida Fuente del sistema de clasificación o colocación Estado de daño No para préstamo Biblioteca de origen Biblioteca actual Ubicación en estantería Fecha de adquisición Fuente de adquisición Enumeración/cronología de publicación seriada Total de préstamos Signatura topográfica completa Código de barras Visto por última vez Precio de reemplazo Tipo de ítem Koha
    Clasificación decimal universal     Biblioteca del Ateneo de Madrid Biblioteca del Ateneo de Madrid Depósito 1 15/06/2015 Donación v.1   A-13457 1193885 23/02/2023 23/02/2023 Libro impreso
    Clasificación decimal universal     Biblioteca del Ateneo de Madrid Biblioteca del Ateneo de Madrid Depósito 1 15/06/2015 Donación v.2   A-13458 101206149 17/11/2023 23/02/2023 Libro impreso